00742nam a22001815i 4500001000700000003000900007005001700016008004100033245027800074260006300352300002200415700002000437700002200457700002100479700002100500700001700521852002200538172012ES-MaACL20230906214806.0090610s1914 fr |||| | fre d00aAnnuaire du prolétariat b: Année 1914. (Parti Socialiste (S.F.I.O.) Confédération générale du travail coopératives) / cpubl. sous la direction de Louis Soulé ; Préface de Gustave Hervé ; avant-propos de Jules Nadi, Georges Yvetot et Ernest Poisson. aParis : bLa France Politique, c1914 (fBeresniak & fils) a356 p. ; c15 cm.1 aSoulé, Louis.0 aHervé, Gustave.1 aPoisson, Ernest.1 aYvetot, Georges.1 aNadi, Jules. aES-MaACLjF-10147